|
|
|
|
| LEADER |
00000caa a2200000 c 4500 |
| 001 |
1525809016 |
| 003 |
DE-627 |
| 005 |
20240611174217.0 |
| 007 |
tu |
| 008 |
160223s2003 xx ||||| 00| ||ger c |
| 020 |
|
|
|a 3935979126
|
| 035 |
|
|
|a (DE-627)1525809016
|
| 035 |
|
|
|a (DE-576)455809011
|
| 035 |
|
|
|a (DE-599)BSZ455809011
|
| 040 |
|
|
|a DE-627
|b ger
|c DE-627
|e rakwb
|
| 041 |
|
|
|a ger
|
| 100 |
1 |
|
|a Gödert, Heinz Werner
|d 1970-
|0 (DE-588)123738490
|0 (DE-627)082738092
|0 (DE-576)293853274
|4 aut
|
| 109 |
|
|
|a Gödert, Heinz Werner 1970-
|
| 245 |
1 |
0 |
|a Forensische Glaubhaftigkeitsbeurteilung: Vergleich psychophysiologischer, inhaltsorientierter und naiv-intuitiver Vorgehensweisen
|c Heinz Werner Gödert, Hans-Georg Rill, Gerhard Vossel, Matthias Gamer
|
| 264 |
|
1 |
|c 2003
|
| 336 |
|
|
|a Text
|b txt
|2 rdacontent
|
| 337 |
|
|
|a ohne Hilfsmittel zu benutzen
|b n
|2 rdamedia
|
| 338 |
|
|
|a Band
|b nc
|2 rdacarrier
|
| 500 |
|
|
|a Literaturverz. S. 310-311
|
| 700 |
1 |
|
|a Rill, Hans-Georg
|4 oth
|
| 700 |
1 |
|
|a Vossel, Gerhard
|0 (DE-627)1236570111
|0 (DE-576)166570117
|4 oth
|
| 700 |
1 |
|
|a Gamer, Matthias
|4 oth
|
| 773 |
0 |
8 |
|i In
|t Polizei & Psychologie
|d Frankfurt am Main : Verlag für Polizeiwissenschaft Clemens Lorei, 2003
|g (2003), Seite 295-311
|h 657 Seiten
|w (DE-627)1607496720
|w (DE-576)107473542
|z 3935979126
|7 nnam
|
| 773 |
1 |
8 |
|g year:2003
|g pages:295-311
|
| 889 |
|
|
|w (DE-627)73667375X
|
| 935 |
|
|
|a mkri
|
| 935 |
|
|
|i mdedup
|
| 951 |
|
|
|a AR
|
| ELC |
|
|
|b 1
|
| LOK |
|
|
|0 000 xxxxxcx a22 zn 4500
|
| LOK |
|
|
|0 001 2899262734
|
| LOK |
|
|
|0 003 DE-627
|
| LOK |
|
|
|0 004 1525809016
|
| LOK |
|
|
|0 005 20260209091831
|
| LOK |
|
|
|0 008 160208||||||||||||||||ger|||||||
|
| LOK |
|
|
|0 040
|a DE-21-110
|c DE-627
|d DE-21-110
|
| LOK |
|
|
|0 689
|a s
|a Glaubhaftigkeitsdiagnostik
|
| LOK |
|
|
|0 689
|a s
|a Methoden
|
| LOK |
|
|
|0 852
|a DE-21-110
|
| LOK |
|
|
|0 852 1
|m p
|9 00
|
| LOK |
|
|
|0 935
|a k110
|
| LOK |
|
|
|0 938
|k p
|
| LOK |
|
|
|0 939
|a 08-02-16
|b l01
|
| ORI |
|
|
|a WA-MARC-krimdoka001.raw
|